Welcome to the Holygrace Academy Library

Please use search bar below to get started

LIVING WATER (Record no. 4740)

MARC details
000 -LEADER
fixed length control field 00279nam a22001217a 4500
082 ## - DEWEY DECIMAL CLASSIFICATION NUMBER
Classification number 200
Item number FAR/L
100 ## - MAIN ENTRY--AUTHOR NAME
Personal name FARSTAD, ARTHUR L
245 ## - TITLE STATEMENT
Title LIVING WATER
Remainder of title THE GOSPEL OF JOHN
260 ## - PUBLICATION, DISTRIBUTION, ETC. (IMPRINT)
Place of publication UNITED STATES
Name of publisher LOGOS
300 ## - PHYSICAL DESCRIPTION
Number of Pages 72
650 ## - SUBJECT ADDED ENTRY--TOPICAL TERM
Topical Term SPIRITUAL
Geographic subdivision UNITED STATES
942 ## - ADDED ENTRY ELEMENTS (KOHA)
Koha item type Books
Holdings
Withdrawn status Lost status Collection code Home library Current library Shelving location Date acquired Source of acquisition Full call number Accession Number Koha item type
    Fiction Main Library Main Library SHELF 15B-U,V,W SECTION NOVELS& FICTION 20/04/2013 purchase 200 FAR/L 07463 Books